00517 a2200169 450000500170000000800410001702000300005804000090008808200180009710000290011524500660014426000500021030000080026065000250026865000330029370000210032620240415122117.0240415b |||||||| |||| 00| 0 eng d a9789395829670cRs. 995.00 aMAIN a300.72bB146R aBagal, Yudhisther Singh  aResearch methodology basic concepts, methods, and techniques  bFriends Publications (India)c2023aNew Delhi a187 aResearch Methodology aQualitative Research Methods aAnand, Meenakshi